| 000 | 00413 a2200121 4500 | ||
|---|---|---|---|
| 001 | ART_7638 | ||
| 005 | 20260410161637.0 | ||
| 008 | 260409a | ||
| 245 | 1 | 0 | _aLa importancia del Club Atlético Boca Juniors en el impuesto al valor agregado (reflotando la L. 16774) |
| 100 | 1 | _aLorenzo, Armando | |
| 700 | 1 | _aCavalli, César M. | |
| 773 | 0 |
_tConsultor tributario _g- Nº 6 (ago. 2007) _wREV474 |
|
| 999 |
_c13003 _d13003 |
||